Central Library and Information Centre
Sibsagar Girls' College, Sivasagar : Assam

RUPKONWER (Record no. 8968)

MARC details
000 -LEADER
fixed length control field 00363cam a2200157ua 4500
008 - FIXED-LENGTH DATA ELEMENTS--GENERAL INFORMATION
fixed length control field 121211n II |||gr||||Z||||||asm
040 ## - CATALOGING SOURCE
Original cataloging agency MAIN
041 ## - LANGUAGE CODE
-- English
082 ## - DEWEY DECIMAL CLASSIFICATION NUMBER
Classification number 920 BAR
100 ## - MAIN ENTRY--PERSONAL NAME
Personal name BARUAH,SUJIT (ed./).
245 ## - TITLE STATEMENT
Title RUPKONWER
260 ## - PUBLICATION, DISTRIBUTION, ETC.
Place of publication, distribution, etc. SIBSAGAR:
Name of publisher, distributor, etc. BHARATIYA GANA NATYA SANGHA.,
Date of publication, distribution, etc. 2007.
300 ## - PHYSICAL DESCRIPTION
Extent 72:
Dimensions 20CM.
942 ## - ADDED ENTRY ELEMENTS (KOHA)
Koha item type Books
Holdings
Withdrawn status Lost status Damaged status Not for loan Collection code Home library Current library Shelving location Date acquired Full call number Barcode Date last seen Copy number Price effective from Koha item type Public note
        REFASM Central Library and Information Centre Sibsagar Girls College Central Library and Information Centre Sibsagar Girls College Jyoti Bishnu Bhupen Corner 01.08.2006 920 BAR 21359 27.02.2020 1 27.02.2020 Books V


Sibsagar Girl's College © 2020. All rights reserved.
Powered by Koha.
Maintained by Abhijit Borpuzari.